000 00303 a2200121 4500
001 146791
040 _cEscola São Tomás de Aquino
100 _aBANDEIRA, Pedro
240 1 0 _aCidinha e a pulga da Cidinha
_lpor
245 1 0 _aCidinha e a pulga da Cidinha
697 _a*LITERATURA INFANTO
942 _cBK
999 _c146791
_d146791